000 00511nam a2200193Ia 4500
003 GCL
008 140319s9999 xx 000 0 eng d
020 _a1857432274
040 _aGCL /
_cGCL
082 0 4 _aREF
_b052
_bE E
245 1 0 _aTHE EUROPA WORLD YEAR BOOK 2003
250 _a44
260 _aانجلترا :
_bEUROPA PUBLICATIONS LIMITED ،
_c2003
300 _a32 CM ؛
_c2357 P
650 0 4 _aINTERNATIONAL ORGANIZATION
650 0 4 _aYEAR BOOKS
650 0 4 _aEUROPA - YEARBOOKS
942 _2ddc
_cREF
999 _c5879
_d5879